A Sisi imázs szerepe a turizmusban Magyarországon és Ausztriában

Bibliographic Details
Main Author: Horváth Lilla
Other Authors: Schultz Éva
Format: Thesis
Kulcsszavak:Sisi kultusz
imázs
kulturális turizmus
Gödöllő
Schönbrunn
Online Access:http://dolgozattar.uni-bge.hu/2296

MARC

LEADER 00000nta a2200000 i 4500
001 dolg2296
005 20151215115311.0
008 150507suuuu hu om 000 hun d
040 |a BGE Dolgozattár Repozitórium  |b hun 
041 |a hu 
100 1 |a Horváth Lilla 
245 1 2 |a A Sisi imázs szerepe a turizmusban Magyarországon és Ausztriában  |c Horváth Lilla  |h [elektronikus dokumentum] 
695 |a Sisi kultusz 
695 |a imázs 
695 |a kulturális turizmus 
695 |a Gödöllő 
695 |a Schönbrunn 
700 1 |a Schultz Éva  |e ths 
856 4 0 |u http://dolgozattar.uni-bge.hu/2296/1/Szakdolgozat_Horv%C3%A1th_Lilla_javitott.pdf  |z Dokumentum-elérés